| 000 | 00948nam a2200265Ia 4500 | ||
|---|---|---|---|
| 001 | 65774 | ||
| 003 | 138576 | ||
| 005 | 20250226071157.0 | ||
| 008 | ||||||n9999 ||| || || | ||
| 041 | _aspa | ||
| 100 |
_aPineda Gonzalez, Jose A. _989739 |
||
| 245 | 0 | _aLa vereda Tocogua de Diutama en el departamento de Boyaca, un modelo de desarrollo integral para el siglo XXI, mediante un enfoque de administracion publica participativa | |
| 260 |
_aBogotá : _bEscuela Superior de Administración Pública - ESAP, _c1999. |
||
| 300 | _a156h. | ||
| 500 | _aTesis | ||
| 562 | _e1 | ||
| 650 | 0 |
_aANÁLISIS DE CASOS _9248 |
|
| 650 | 0 |
_aDesarrollo rural _97414 |
|
| 650 |
_aDUITAMA, BOYACA (COLOMBIA) _935271 |
||
| 650 | 0 |
_aMagister en Administración Pública (Bogotá) _989741 |
|
| 650 |
_aMODELOS DE DESARROLLO _95901 |
||
| 650 | 0 |
_aParticipación ciudadana _910525 |
|
| 650 |
_aTESIS Y DISERTACIONES ACADÉMICAS _989743 |
||
| 942 | _cTESIS | ||
| 999 |
_c65774 _d65774 |
||